|
|
|
|
| LEADER |
00000nam0a2200000 4500 |
| 001 |
288520 |
| 005 |
20231102000109.0 |
| 010 |
|
|
|a 9785742244486
|
| 035 |
|
|
|a (RuTPU)RU\TPU\book\312995
|
| 090 |
|
|
|a 288520
|
| 100 |
|
|
|a 20150325d2014 k y0rusy50 ca
|
| 101 |
0 |
|
|a rus
|
| 102 |
|
|
|a RU
|
| 105 |
|
|
|a y z 001zy
|
| 200 |
1 |
|
|a Оборонная промышленность и российские вузы
|f Б. А. Виноградов, В. Г. Пальмов
|
| 210 |
|
|
|a Санкт-Петербург
|c Изд-во СПбГПУ
|d 2014
|
| 215 |
|
|
|a 347 с.
|
| 320 |
|
|
|a Библиогр.: с. 342-347.
|
| 330 |
|
|
|a В монографии рассмотрены методологические вопросы и практические меры по созданию единой системы развития кадрового потенциала оборонно-промышленного комплекса России, предложены организационные решения и институты развития. На примере национального исследовательского университета рассмотрены вопросы формирования полисубъектной среды и горизонтально-сетевых структур инновационного развития, адаптивного управления, цели и задачи внутреннего контроля. Приведены некоторые результаты использования интеллектуальной собственности, разработки и внедрения инновационных проектов.Книга предназначена для руководителей, студентов и преподавателей университетов, работников организаций оборонно-промышленного комплекса и других экономических субъектов.
|
| 606 |
1 |
|
|a Оборонно-промышленный комплекс
|y Россия
|2 stltpush
|3 (RuTPU)RU\TPU\subj\74204
|9 86666
|
| 606 |
1 |
|
|a Высшие учебные заведения
|x Управление
|2 stltpush
|3 (RuTPU)RU\TPU\subj\4008
|
| 610 |
1 |
|
|a оборонные предприятия
|
| 610 |
1 |
|
|a оборонная промышленность
|
| 610 |
1 |
|
|a геоэкономика
|
| 610 |
1 |
|
|a высшее образование
|
| 610 |
1 |
|
|a высшее университетское образование
|
| 610 |
1 |
|
|a кадры
|
| 610 |
1 |
|
|a подготовка
|
| 610 |
1 |
|
|a управление
|
| 610 |
1 |
|
|a кадровый потенциал
|
| 610 |
1 |
|
|a инновации
|
| 686 |
|
|
|a У9(2)30
|v LBC/SL-A
|2 rubbk
|
| 686 |
|
|
|a Ч484(2)к
|v LBC/SL-A
|2 rubbk
|
| 700 |
|
1 |
|a Виноградов
|b Б. А.
|g Борис Алексеевич
|
| 701 |
|
1 |
|a Пальмов
|b В. Г.
|g Владимир Геннадьевич
|
| 801 |
|
1 |
|a RU
|b 63413507
|c 20150325
|
| 801 |
|
2 |
|a RU
|b 63413507
|c 20150406
|g RCR
|
| 942 |
|
|
|c BK
|